Rút trích thực thể có tên trên Web tiếng Việt bằng văn phạm so trùng mẫu /

Gespeichert in:
Bibliographische Detailangaben
1. Verfasser: Nguyễn Thị Trúc Viên.
Weitere Verfasser: Cao Hoàng Trụ
Format: Artikel
Sprache:Vietnamese
Tags: Tag hinzufügen
Keine Tags, Fügen Sie den ersten Tag hinzu!
Thư viện lưu trữ: Thư viện Trường Đại học Đà Lạt
LEADER 00796nam a2200241 4500
001 DLU120143682
005 ##20121109
040 # # |a DLU  |b vie 
041 # # |a vie 
044 # # |a vn 
100 # # |a Nguyễn Thị Trúc Viên. 
245 # # |a Rút trích thực thể có tên trên Web tiếng Việt bằng văn phạm so trùng mẫu /  |c Nguyễn Thị Trúc Viên, Cao Hoàng Trụ. 
700 # # |a Cao Hoàng Trụ 
773 # # |t Nghiên cứu cơ bản và ứng dụng Công nghệ thông tin,   |g  2006, tr. 307-316 
920 # # |a Phòng Tạp chí -- Trung tâm Thông tin - Thư viện Trường Đại học Đà Lạt 
994 # # |a DLU 
900 # # |a True 
911 # # |a Nguyễn Thị Mai Anh 
925 # # |a G 
926 # # |a A 
927 # # |a BB 
980 # # |a Thư viện Trường Đại học Đà Lạt